000 00635cam a2200229 i 4500
001 3717613
005 20180124033901.0
008 800923s1981 nyua b 001 0 eng
010 _a 80024450
020 _a0471080454
040 _aDLC
_cDLC
_dDLC
041 _aeng
060 _aQZ 267 C325c
080 _a616.994061 CAR
082 0 0 _a616.994061 CAR
_219
100 1 _a6
101 _aKAN
245 1 0 _aChemotherapy of cancer /
_cStephen K. Carter, Marie T. Bakowski, Kurt Hellmann.
504 _aIncludes bibliographical references and index.
906 _a7
_bcbc
_corignew
_du
_eocip
_f19
_gy-gencatlg
942 _2ddc
_cBK
999 _c40817
_d40817